Plus Grandes Villes d'Allemagne - Statistiques

Statistiques générales
  • Ce quiz a été pris 324 fois
  • Le résultat moyen est 25 sur 50
Statistiques - réponses
Ville
Population
(en milliers)
% Correct
Berlin 3 520
100%
Munich 1 450
98%
Hambourg 1 787
96%
Francfort sur le Main 732
94%
Cologne 1 060
93%
Stuttgart 623
85%
Düsseldorf 612
84%
Nuremberg 509
84%
Dresde 543
83%
Leipzig 560
82%
Dortmund 586
81%
Brême 557
80%
Hanovre 532
78%
Essen 582
64%
Kiel 246
64%
Bonn 318
60%
Aix la Chapelle 245
59%
Mannheim 305
58%
Fribourg en Brisgau 226
57%
Sarrebruck 178
56%
Rostock 206
53%
Augsbourg 286
50%
Mayence 209
48%
Duisbourg 491
45%
Karlsruhe 307
44%
Leverkusen 163
42%
Potsdam 167
42%
Bochum 164
41%
Bielefeld 333
40%
Magdebourg 235
39%
Gelsenkirchen 260
38%
Mönchengladbach 259
38%
Münster 310
38%
Erfurt 210
37%
Lübeck 216
37%
Wuppertal 350
36%
Wiesbaden 276
29%
Osnabrück 162
28%
Brunswick 251
26%
Cassel 197
24%
Chemnitz 248
23%
Halle 236
23%
Ludwigshafen 164
18%
Oberhausen 210
18%
Oldenbourg 163
18%
Krefeld 225
16%
Hamm 179
15%
Hagen 189
13%
Solingen 158
13%
Mülheim 169
11%
Aucun quiz correspondant
Distribution des résultats
% des personnes avec chaque résultat
Percentile par nombre de réponses
Votre historique - résultats
Vous n’avez pas pris ce quiz